| 000 | 00769cam a2200217 i 4500 | ||
|---|---|---|---|
| 999 |
_c7412 _d7412 |
||
| 003 | OSt | ||
| 005 | 20211118123333.0 | ||
| 008 | 751126s1975 sp a b 000 0 spa | ||
| 020 | _a8422940256 | ||
| 040 |
_aDLC _cCDMR |
||
| 245 | 0 | 0 |
_aPrensa y sociedad en España (1820-1936) / _cManuel Tuñón de Lara ... [et al. ; ed. a cargo de Manuel Tuñón de Lara, Antonio Elorza y Manuel Pérez Ledesma]. |
| 260 |
_aMadrid : _bCuadernos para el Diálogo, _c1975. |
||
| 300 |
_a290 pàgines; _c21 cm. |
||
| 490 | 0 | _aColección ITS | |
| 504 | _aIncludes bibliographical references. | ||
| 650 | 0 |
_aPremsa _zEspanya _xHistòria _93729 _y1820-1936 |
|
| 700 | 2 | _aTuñón de Lara, Manuel. | |
| 700 | 1 |
_aElorza, Antonio _92015 |
|
| 700 | 2 | _aPérez Ledesma, Manuel. | |
| 942 |
_2udc _cMON |
||